Eastern Utah Libraries Catalog: Duchesne, Heber, Roosevelt, & Vernal

Doc Hollywood (Record no. 200388)

MARC details
000 -LEADER
fixed length control field 03543cgm a2200769Ma 4500
001 - CONTROL NUMBER
control field ocn778052207
003 - CONTROL NUMBER IDENTIFIER
control field OCoLC
005 - DATE AND TIME OF LATEST TRANSACTION
control field 20241220163757.0
007 - PHYSICAL DESCRIPTION FIXED FIELD--GENERAL INFORMATION
fixed length control field vd cvaizq
008 - FIXED-LENGTH DATA ELEMENTS--GENERAL INFORMATION
fixed length control field 990112p19981991cau104 g vleng d
040 ## - CATALOGING SOURCE
Original cataloging agency KN4
Transcribing agency KN4
Modifying agency OCP
-- OCLCQ
-- OCLCO
-- OCLCF
-- OCLCO
-- UINTA
020 ## - INTERNATIONAL STANDARD BOOK NUMBER
International Standard Book Number 0790738546
020 ## - INTERNATIONAL STANDARD BOOK NUMBER
International Standard Book Number 9780790738543
024 1# - OTHER STANDARD IDENTIFIER
Standard number or code 085391222224
028 42 - PUBLISHER NUMBER
Publisher number 12222
Source Warner Home Video
035 ## - SYSTEM CONTROL NUMBER
System control number (OCoLC)778052207
043 ## - GEOGRAPHIC AREA CODE
Geographic area code n-us-sc
082 04 - DEWEY DECIMAL CLASSIFICATION NUMBER
Classification number D636 2010
049 ## - LOCAL HOLDINGS (OCLC)
Holding library UCLB
245 00 - TITLE STATEMENT
Title Doc Hollywood
Medium [videorecording] /
Statement of responsibility, etc Warner Bros. presents a film by Michael Caton-Jones ; screenplay, Jeffrey Price & Peter S. Seaman and Daniel Pyne ; produced by Susan Solt and Deborah D. Johnson ; directed by Michael Caton-Jones.
250 ## - EDITION STATEMENT
Edition statement Full screen.
260 ## - PUBLICATION, DISTRIBUTION, ETC. (IMPRINT)
Place of publication, distribution, etc Burbank, CA :
Name of publisher, distributor, etc Warner Home Video,
Date of publication, distribution, etc c1998.
300 ## - PHYSICAL DESCRIPTION
Extent 1 videodisc (104 min.) :
Other physical details sd., col. ;
Dimensions 4 3/4 in.
500 ## - GENERAL NOTE
General note Based on the book What?...dead again? by Neil B. Shulman.
500 ## - GENERAL NOTE
General note Originally released as a motion picture in 1991.
508 ## - CREATION/PRODUCTION CREDITS NOTE
Creation/production credits note Director of photography, Michael Chapman ; production design, Lawrence Miller ; editors, Priscilla Nedd-Friendly, Craig Richards ; music, Carter Burwell.
511 1# - PARTICIPANT OR PERFORMER NOTE
Participant or performer note Michael J. Fox, Julie Warner, Barnard Hughes, Woody Harrelson, David Ogden Stiers, Frances Sternhagen, Bridget Fonda.
520 ## - SUMMARY, ETC.
Summary, etc Ben Stone is a brash, newly-minted MD whose cruise toward the medical fast lane of a Beverly Hills plastic surgery practice takes a small-town detour. He ends up in Grady, South Carolina, Squash Capital of the South and home of salt-of-the-earth folks who know it's better to follow your heart than your wallet.
521 8# - TARGET AUDIENCE NOTE
Target audience note MPAA rating: PG-13.
538 ## - SYSTEM DETAILS NOTE
System details note DVD, region 1, standard version, Dolby surround stereo.
540 ## - TERMS GOVERNING USE AND REPRODUCTION NOTE
Terms governing use and reproduction For private home use only.
546 ## - LANGUAGE NOTE
Language note Closed-captioned for the hearing impaired.
600 10 - SUBJECT ADDED ENTRY--PERSONAL NAME
Personal name Shulman, Neil
Form subdivision Film adaptations.
9 (RLIN) 6534032
650 #0 - SUBJECT ADDED ENTRY--TOPICAL TERM
Topical term or geographic name as entry element Plastic surgeons
Form subdivision Drama.
9 (RLIN) 6534033
650 #0 - SUBJECT ADDED ENTRY--TOPICAL TERM
Topical term or geographic name as entry element Man-woman relationships
Form subdivision Drama.
9 (RLIN) 5673977
651 #0 - SUBJECT ADDED ENTRY--GEOGRAPHIC NAME
Geographic name South Carolina
Form subdivision Drama.
9 (RLIN) 6512007
650 #0 - SUBJECT ADDED ENTRY--TOPICAL TERM
Topical term or geographic name as entry element Medical drama.
9 (RLIN) 99452
650 #0 - SUBJECT ADDED ENTRY--TOPICAL TERM
Topical term or geographic name as entry element Comedy films.
650 #0 - SUBJECT ADDED ENTRY--TOPICAL TERM
Topical term or geographic name as entry element Film adaptations.
650 #0 - SUBJECT ADDED ENTRY--TOPICAL TERM
Topical term or geographic name as entry element Video recordings for the hearing impaired.
650 #0 - SUBJECT ADDED ENTRY--TOPICAL TERM
Topical term or geographic name as entry element Feature films.
600 17 - SUBJECT ADDED ENTRY--PERSONAL NAME
Personal name Shulman, Neil.
Source of heading or term fast
-- (OCoLC)fst00048001
9 (RLIN) 6534034
650 #7 - SUBJECT ADDED ENTRY--TOPICAL TERM
Topical term or geographic name as entry element Comedy films.
Source of heading or term fast
-- (OCoLC)fst00869095
650 #7 - SUBJECT ADDED ENTRY--TOPICAL TERM
Topical term or geographic name as entry element Feature films.
Source of heading or term fast
-- (OCoLC)fst00922105
650 #7 - SUBJECT ADDED ENTRY--TOPICAL TERM
Topical term or geographic name as entry element Film adaptations.
Source of heading or term fast
-- (OCoLC)fst00924250
650 #7 - SUBJECT ADDED ENTRY--TOPICAL TERM
Topical term or geographic name as entry element Man-woman relationships.
Source of heading or term fast
-- (OCoLC)fst01007080
650 #7 - SUBJECT ADDED ENTRY--TOPICAL TERM
Topical term or geographic name as entry element Medical drama.
Source of heading or term fast
-- (OCoLC)fst01014003
9 (RLIN) 99452
650 #7 - SUBJECT ADDED ENTRY--TOPICAL TERM
Topical term or geographic name as entry element Plastic surgeons.
Source of heading or term fast
-- (OCoLC)fst01066518
650 #7 - SUBJECT ADDED ENTRY--TOPICAL TERM
Topical term or geographic name as entry element Video recordings for the hearing impaired.
Source of heading or term fast
-- (OCoLC)fst01166513
651 #7 - SUBJECT ADDED ENTRY--GEOGRAPHIC NAME
Geographic name South Carolina.
Source of heading or term fast
-- (OCoLC)fst01204600
655 #7 - INDEX TERM--GENRE/FORM
Genre/form data or focus term Drama.
Source of term fast
-- (OCoLC)fst01423879
655 #7 - INDEX TERM--GENRE/FORM
Genre/form data or focus term Film adaptations.
Source of term fast
-- (OCoLC)fst01710491
700 1# - ADDED ENTRY--PERSONAL NAME
Personal name Caton-Jones, Michael.
9 (RLIN) 40544
700 1# - ADDED ENTRY--PERSONAL NAME
Personal name Price, Jeffrey.
9 (RLIN) 67703
700 1# - ADDED ENTRY--PERSONAL NAME
Personal name Seaman, Peter S.
9 (RLIN) 67702
700 1# - ADDED ENTRY--PERSONAL NAME
Personal name Pyne, Daniel.
9 (RLIN) 38480
700 1# - ADDED ENTRY--PERSONAL NAME
Personal name Fox, Michael J.,
Dates associated with a name 1961-
9 (RLIN) 25025
700 1# - ADDED ENTRY--PERSONAL NAME
Personal name Warner, Julie.
9 (RLIN) 6534035
700 1# - ADDED ENTRY--PERSONAL NAME
Personal name Hughes, Barnard,
Dates associated with a name 1915-2006.
9 (RLIN) 27647
700 1# - ADDED ENTRY--PERSONAL NAME
Personal name Harrelson, Woody.
9 (RLIN) 61411
700 1# - ADDED ENTRY--PERSONAL NAME
Personal name Stiers, David Ogden.
9 (RLIN) 64621
700 1# - ADDED ENTRY--PERSONAL NAME
Personal name Burwell, Carter.
9 (RLIN) 40520
700 1# - ADDED ENTRY--PERSONAL NAME
Personal name Shulman, Neil.
9 (RLIN) 6534034
710 2# - ADDED ENTRY--CORPORATE NAME
Corporate name or jurisdiction name as entry element Warner Bros.
9 (RLIN) 12114
710 2# - ADDED ENTRY--CORPORATE NAME
Corporate name or jurisdiction name as entry element Warner Home Video (Firm)
9 (RLIN) 61103
994 ## -
-- C0
-- UINTA
Holdings
Withdrawn status Lost status Source of classification or shelving scheme Damaged status Not for loan Collection code Home library Current library Shelving location Date acquired Source of acquisition Cost, normal purchase price Total Checkouts Total Renewals Full call number Barcode Date last seen Date checked out Cost, replacement price Price effective from Koha item type
    Dewey Decimal Classification     Movies Wasatch County Library Wasatch County Library Audio Visual Area 01/09/2006 Donation 19.99 90 4 DVD Doc 34301000499113 08/22/2024 08/17/2024 19.99 03/20/2020 DVD
This project was made possible through a grant from the Institute of Museum and Library Service administered by the Utah State Library Division.

Wasatch County Library

  • 465 East 1200 South, Heber City, Utah 84032
  • Phone 435-654-1511 | Fax 435-654-6456

Hours

  • Monday - Friday 9:30 AM - 8:00 PM
  • Saturday 9:30 AM - 1:30 PM
  • Closed Sundays and Holidays